| 000 | 00366cam a2200145ua 4500 | ||
|---|---|---|---|
| 041 |
_amal _h |
||
| 082 |
_a928.94812 _bSAN/MA |
||
| 100 | _aSankaran, Thayatt . | ||
| 245 |
_aMahanaya kavalkaran / _cThayatt Sankaran. _hTextual Documents |
||
| 260 |
_aCalicut : _bKerala Book Depot , _c1956. |
||
| 300 | _a102 ; . | ||
| 504 | _a | ||
| 942 | _cBK | ||
| 999 |
_c4551 _d4551 |
||